000 00894 a2200265 4500
003 CBULib
005 20250121084457.0
008 241104b |||||||| |||| 00| 0 eng d
020 _a9783895784439
040 _bEnglish
_cCBULib
_erda
050 _aTJ 223 Ber
100 _aBerger, Hans
245 _aAutomating with SIMATIC S7-300 inside TIA portal : configuring, programming and testing Step 7 Professional
_c/ by Hans Berger
250 _aSecond edition.
260 _bPublicis Publishing,
_c2014
_aErlangen :
300 _a726 pages : illustrations
336 _2rdacontent
_aText |
_btxt
337 _2rdamedia
_aUnmediated |
_bn
338 _2rdacarrier
_aVolume
_bnc
500 _aIncludes index
650 0 _93969
_aTECHNOLOGY AND ENGINEERING ENVIRONMENTAL GENERAL
650 0 _93978
_aAUTOMATES PROGRAMMABLES
650 0 _93979
_aPROGRAMMABLE CONTROLLERS
942 _2lcc
_c002
999 _c85766
_d85766